| 000 | 00575nam a2200181Ia 4500 | ||
|---|---|---|---|
| 003 | OSt | ||
| 005 | 20140321100026.0 | ||
| 008 | 140130s9999 xx 000 0 und d | ||
| 020 | _a0439511828 | ||
| 050 |
_aLB 1050.44 _b.B431 2003 |
||
| 100 | _aBeech, Linda ward | ||
| 245 |
_cLinda Ward Beech. _aSight word readers teaching guide : _bstrategies, activities, reproducible mini-books & flashcards to teach the first 50 sight words/ |
||
| 260 |
_bScholastic, _c2003. _aNew York : |
||
| 300 |
_a300 p. : _bill. ; _c26 cm. |
||
| 440 | _v1 | ||
| 942 |
_cBK _2lcc |
||
| 999 |
_c41875 _d41875 |
||